| 000 | 00600nam a2200205Ia 4500 | ||
|---|---|---|---|
| 005 | 20250611152524.0 | ||
| 008 | 008 250516s9999 xx 000 0 eng d | ||
| 020 | _a9780821426159 | ||
| 040 |
_beng _cSDCL |
||
| 041 |
_aeng _2eng |
||
| 084 | _aV95'P R2 | ||
| 245 | 0 |
_aCargoes in motion : _bMateriality and connectivity across the Indian ocean |
|
| 260 |
_aAthens : _bOhio University Press, _c2022. |
||
| 300 | _axx, 337p. | ||
| 490 | _aIndian ocean studies | ||
| 650 | _aReference | ||
| 700 |
_aSchnepel, Burkhard Ed. _9809295 |
||
| 700 |
_aVerne, Julia Ed. _9809296 |
||
| 942 |
_cTEXL _2CC |
||
| 999 |
_c1428994 _d1428994 |
||